| 000 | 01022 a2200265 4500 | ||
|---|---|---|---|
| 003 | NUST | ||
| 005 | 20221031170719.0 | ||
| 010 | _a 99953739 | ||
| 020 | _a8173195749 | ||
| 035 | _a(DLC) 99953739 | ||
| 040 | _cNust | ||
| 082 | 0 | 0 | _a510,DES |
| 100 |
_aDeshpande J V _9102066 |
||
| 245 | 0 | 0 |
_aMathematical analysis and applications : _bAn Introduction / _c Deshpande J V |
| 260 |
_aNew Delhi : _bNarosa Pub. House, _cc2004 |
||
| 300 |
_axvii, 341 p. : _bill. ; _c25 cm. |
||
| 505 | _aPart-1: Numbers and Functions (Page-1), Part-2: Convergence and Continuity (Page-65), Part-3: Differentiation and Approximation (Page-153), Part-4: Integration and Differential Equations (Page-227). | ||
| 650 | 0 | _aMathematical analysis | |
| 700 | 1 |
_aDwivedi, A. P. _9102067 |
|
| 700 | 1 |
_aRam Naresh. _9102068 |
|
| 700 | 1 |
_aSiddiqui, S. U. _9102069 |
|
| 710 | 2 |
_aH.B. Technological Institute. _bDept. of Mathematics. _9102070 |
|
| 710 | 2 |
_aVij䮥ana Parishad (Allahabad (India). _bConference _9102071 |
|
| 942 |
_2ddc _cBK _k510,DES |
||
| 999 |
_c179953 _d179953 |
||